[Event "3rd ch-GER Internet Blitz Candidates"]
[Site "playchess INT"]
[Date "2005.04.02"]
[Round "14"]
[White "Wornath, K."]
[Black "Zumsande, M."]
[Result "1-0"]
[WhiteElo "2388"]
[BlackElo "2381"]
[PlyCount "93"]
[EventDate "2005.04.02"]
[EventType "swiss (blitz)"]
[EventRounds "15"]
[Source "Mark Crowther"]
[SourceDate "2005.04.04"]

1. d4 e6 2. c4 d5 3. Nc3 Be7 4. Nf3 Nf6 5. Bg5 h6 6. Bxf6 Bxf6 7. e3 c6 8. Bd3
Nd7 9. cxd5 exd5 10. O-O O-O 11. b4 b5 12. a4 Be7 13. Qb3 bxa4 14. Rxa4 Qb6 15.
Rfa1 a5 16. Rxa5 Rxa5 17. Rxa5 Bxb4 18. Ra1 Bd6 19. Qxb6 Nxb6 20. Ba6 Bd7 21.
Bd3 Bb4 22. Ne2 Bd6 23. h3 Rb8 24. Rb1 Bc7 25. Ng3 Kf8 26. Rc1 Ra8 27. Ne5 Bxe5
28. dxe5 Ke7 29. Rb1 Rb8 30. f4 c5 31. Kf2 c4 32. Bc2 Ra8 33. Ke2 Ra2 34. Kd1
Na4 35. Ne2 Kd8 36. Kd2 Kc7 37. Nc3 Nxc3 38. Kxc3 Ra3+ 39. Kd4 Bc6 40. e4 dxe4
41. Bxe4 Rg3 42. Rc1 Bxe4 43. Kxe4 Rxg2 44. Rxc4+ Kd7 45. Rc3 Ke7 46. Rc7+ Ke6
47. f5# 1-0

[Event "3rd ch-GER Internet Blitz Candidates"]
[Site "playchess INT"]
[Date "2005.04.02"]
[Round "15"]
[White "Hoffmann, L."]
[Black "Ottmann, M."]
[Result "1-0"]
[WhiteElo "2157"]
[BlackElo "2142"]
[PlyCount "27"]
[EventDate "2005.04.02"]
[EventType "swiss (blitz)"]
[EventRounds "15"]
[Source "Mark Crowther"]
[SourceDate "2005.04.04"]

1. e4 e5 2. Nf3 Nf6 3. Nc3 Nc6 4. d4 Bb4 5. d5 Ne7 6. Bd3 d6 7. O-O O-O 8. Ne2
Bg4 9. Ng3 Nd7 10. a4 f5 11. c3 fxe4 12. Bxe4 Nc5 13. Qc2 Nxe4 14. Qxe4 1-0

[Event "3rd ch-GER Internet Blitz Candidates"]
[Site "playchess INT"]
[Date "2005.04.02"]
[Round "15"]
[White "Huch, R."]
[Black "Lentrodt, T."]
[Result "1-0"]
[WhiteElo "2325"]
[BlackElo "2292"]
[PlyCount "57"]
[EventDate "2005.04.02"]
[EventType "swiss (blitz)"]
[EventRounds "15"]
[Source "Mark Crowther"]
[SourceDate "2005.04.04"]

1. d4 f5 2. Nc3 c5 3. d5 g6 4. e4 d6 5. exf5 Bxf5 6. Bd3 Bxd3 7. Qxd3 Nf6 8.
Nge2 Bg7 9. Nf4 O-O 10. Ne6 Qa5 11. Nxf8 Kxf8 12. O-O a6 13. Bg5 Nbd7 14. f4 b5
15. a3 Qb6 16. Kh1 c4 17. Qe2 Re8 18. Rad1 Nc5 19. Rfe1 a5 20. f5 b4 21. axb4
axb4 22. Bxf6 Bxf6 23. Ne4 Nxe4 24. Qxe4 g5 25. Qxc4 Bxb2 26. Re6 Bf6 27. Rde1
Kf7 28. Qg4 Qf2 29. Qh5+ 1-0

[Event "3rd ch-GER Internet Blitz Candidates"]
[Site "playchess INT"]
[Date "2005.04.02"]
[Round "15"]
[White "Kostic, Vl"]
[Black "Rodewis, T."]
[Result "0-1"]
[WhiteElo "2439"]
[BlackElo "2364"]
[PlyCount "86"]
[EventDate "2005.04.02"]
[EventType "swiss (blitz)"]
[EventRounds "15"]
[Source "Mark Crowther"]
[SourceDate "2005.04.04"]

1. e4 c5 2. Nf3 Nf6 3. e5 Nd5 4. Nc3 e6 5. Nxd5 exd5 6. d4 Nc6 7. c3 d6 8. Bb5
c4 9. O-O Be6 10. Qa4 Qb6 11. Ng5 a6 12. Nxe6 fxe6 13. Bxc6+ Qxc6 14. Qxc6+
bxc6 15. f4 dxe5 16. fxe5 Be7 17. b3 Rb8 18. bxc4 dxc4 19. Be3 Rf8 20. Rfb1 Kd7
21. g3 Ba3 22. Rf1 h6 23. Rxf8 Rxf8 24. Bc1 Be7 25. Rb1 Kc7 26. Kg2 Rb8 27.
Rxb8 Kxb8 28. Kf3 Bf8 29. g4 g6 30. h4 h5 31. g5 Kb7 32. Ke2 c5 33. Ke3 Kc6 34.
Ke4 cxd4 35. cxd4 Bb4 36. a4 Be1 37. Be3 Bxh4 38. d5+ exd5+ 39. Kd4 Be1 40. e6
Bb4 41. Ke5 h4 42. Kf6 h3 43. Bf4 c3 0-1

[Event "3rd ch-GER Internet Blitz Candidates"]
[Site "playchess INT"]
[Date "2005.04.02"]
[Round "15"]
[White "Zumsande, M."]
[Black "Buchenau, F."]
[Result "0-1"]
[WhiteElo "2381"]
[BlackElo "2345"]
[PlyCount "76"]
[EventDate "2005.04.02"]
[EventType "swiss (blitz)"]
[EventRounds "15"]
[Source "Mark Crowther"]
[SourceDate "2005.04.04"]

1. e4 e6 2. d4 d5 3. Nc3 Nf6 4. Bg5 Be7 5. e5 Ng8 6. Be3 b6 7. Nf3 Ba6 8. Bxa6
Nxa6 9. O-O c5 10. Ne2 Nc7 11. c3 c4 12. Nf4 b5 13. a4 a6 14. b4 a5 15. axb5
axb4 16. b6 Nb5 17. b7 Rb8 18. Qa4 Qd7 19. cxb4 Qxb7 20. Rfb1 Nh6 21. Nh5 Nf5
22. g4 Nxe3 23. fxe3 O-O 24. Qc2 Ra8 25. Ra5 Na3 26. Rxa3 Rxa3 27. b5 Rxe3 28.
Kg2 Rb8 29. Qa4 Ra8 30. Qc2 Raa3 31. Ne1 Reb3 32. Rxb3 Rxb3 33. Qa2 Rxb5 34.
Qa4 Rb2+ 35. Kf1 Qb5 36. Qa8+ Bf8 37. Nf4 c3+ 38. Nfd3 Rd2 0-1

[Event "3rd ch-GER Internet Blitz Candidates"]
[Site "playchess INT"]
[Date "2005.04.02"]
[Round "15"]
[White "Rachut, S."]
[Black "Boettcher, C."]
[Result "1-0"]
[WhiteElo "2068"]
[BlackElo "2166"]
[PlyCount "77"]
[EventDate "2005.04.02"]
[EventType "swiss (blitz)"]
[EventRounds "15"]
[Source "Mark Crowther"]
[SourceDate "2005.04.04"]

1. e4 d6 2. d4 Nd7 3. Nc3 g6 4. f4 Bg7 5. Nf3 e5 6. fxe5 dxe5 7. dxe5 c6 8. Be3
Qe7 9. Bc4 Nxe5 10. Nxe5 Bxe5 11. O-O Nf6 12. Qf3 O-O 13. g3 Ng4 14. Bb3 Nxe3
15. Qxe3 Bh3 16. Rfe1 Kg7 17. Rad1 b5 18. a3 a5 19. Rd2 b4 20. axb4 axb4 21.
Nd1 Be6 22. Bxe6 Qxe6 23. c3 b3 24. Nf2 Bb8 25. Kg2 Ba7 26. Qf3 c5 27. Nd3 c4
28. Nf4 Qc6 29. Nd5 Bc5 30. e5 Ra2 31. Re4 Ba3 32. Qe2 Rd8 33. Rxc4 Qb7 34. Qf3
Rxb2 35. Rxb2 Bxb2 36. Qf6+ Kg8 37. Qxd8+ Kg7 38. Qf6+ Kg8 39. Rc8+ 1-0

[Event "3rd ch-GER Internet Blitz Candidates"]
[Site "playchess INT"]
[Date "2005.04.02"]
[Round "15"]
[White "Vuckovic, Alek"]
[Black "Polaczek, R."]
[Result "1/2-1/2"]
[WhiteElo "2325"]
[BlackElo "2426"]
[PlyCount "131"]
[EventDate "2005.04.02"]
[EventType "swiss (blitz)"]
[EventRounds "15"]
[Source "Mark Crowther"]
[SourceDate "2005.04.04"]

1. e4 Nf6 2. e5 Nd5 3. c4 Nb6 4. d4 d6 5. exd6 exd6 6. Be3 Be7 7. Bd3 O-O 8.
Ne2 Bg4 9. Nd2 Nc6 10. O-O Bf6 11. f3 Bh5 12. Bf2 Re8 13. Ne4 d5 14. Nxf6+ Qxf6
15. c5 Nc4 16. Bxc4 dxc4 17. Qc2 Bg6 18. Qxc4 Na5 19. Qb5 c6 20. Qxa5 Rxe2 21.
Qb4 Rae8 22. Rfe1 Rxe1+ 23. Rxe1 Rxe1+ 24. Qxe1 Qd8 25. Qe5 f6 26. Qf4 Bf7 27.
b3 h6 28. h4 a5 29. Bg3 a4 30. bxa4 Bxa2 31. Qe3 Bd5 32. Bd6 Qd7 33. Kf2 h5 34.
Qd3 Bf7 35. a5 Qe6 36. Kg3 g5 37. hxg5 fxg5 38. Qe4 h4+ 39. Kh2 Qxe4 40. fxe4
Bg6 41. Be7 g4 42. Bxh4 Bxe4 43. Kg3 Kf7 44. Kxg4 Bxg2 45. Kf4 Ke6 46. Ke3 Kd5
47. Kd3 Bf1+ 48. Kc3 Ba6 49. Bg3 Bb5 50. Be5 Ba6 51. Kd2 Bb5 52. Ke3 Ba6 53.
Kf4 Bb5 54. Kf5 Ba6 55. Kf6 Bb5 56. Ke7 Ba6 57. Kd7 Bb5 58. Kc7 Ba6 59. Kb6 Kc4
60. Bg7 Kd5 61. Kc7 Kc4 62. Kd6 Kb5 63. d5 cxd5 64. Kxd5 Kxa5 65. Kd6 Bb5 66.
Kc7 1/2-1/2

[Event "3rd ch-GER Internet Blitz Candidates"]
[Site "playchess INT"]
[Date "2005.04.02"]
[Round "15"]
[White "Schoeneberg, M."]
[Black "Buchenthal, D."]
[Result "1-0"]
[WhiteElo "2326"]
[BlackElo "2258"]
[PlyCount "133"]
[EventDate "2005.04.02"]
[EventType "swiss (blitz)"]
[EventRounds "15"]
[Source "Mark Crowther"]
[SourceDate "2005.04.04"]

1. e4 c5 2. Nf3 Nc6 3. Bb5 g6 4. O-O Bg7 5. c3 Nf6 6. e5 Nd5 7. d4 cxd4 8. cxd4
O-O 9. Nc3 Nxc3 10. bxc3 d6 11. exd6 Qxd6 12. a4 Rd8 13. Re1 e5 14. Ba3 Qc7 15.
Bxc6 Qxc6 16. Nxe5 Qxc3 17. Bc5 Be6 18. Rc1 Qb3 19. Qxb3 Bxb3 20. a5 Bd5 21. f3
Bf8 22. Bxf8 Kxf8 23. Rc7 Rac8 24. Rec1 Be6 25. Rxc8 Rxc8 26. Rxc8+ Bxc8 27.
Kf2 Ke7 28. Ke3 Be6 29. h4 Kd6 30. Nd3 Kd5 31. Nf4+ Kc4 32. Ke4 Bf5+ 33. Ke5
Kb5 34. g4 Bc8 35. Kd6 Kxa5 36. Kc7 Be6 37. Nxe6 fxe6 38. Kd6 b5 39. Kxe6 b4
40. d5 b3 41. d6 b2 42. d7 b1=Q 43. d8=Q+ Qb6+ 44. Qxb6+ Kxb6 45. f4 a5 46. f5
gxf5 47. gxf5 a4 48. f6 a3 49. f7 a2 50. f8=Q a1=Q 51. Qb8+ Kc6 52. Qd6+ Kb7
53. Qe7+ Kb6 54. Qxh7 Qe1+ 55. Kf6 Qc3+ 56. Kf7 Kc7 57. Kg8+ Kd6 58. Qg6+ Kd5
59. h5 Qc8+ 60. Kg7 Qc3+ 61. Kg8 Qc8+ 62. Kh7 Ke5 63. h6 Qh3 64. Qe8+ Kf6 65.
Qf8+ Ke6 66. Qc8+ Kf7 67. Qxh3 1-0

[Event "3rd ch-GER Internet Blitz Candidates"]
[Site "playchess INT"]
[Date "2005.04.02"]
[Round "15"]
[White "Seel, C."]
[Black "Haba, P."]
[Result "0-1"]
[WhiteElo "2477"]
[BlackElo "2525"]
[PlyCount "130"]
[EventDate "2005.04.02"]
[EventType "swiss (blitz)"]
[EventRounds "15"]
[Source "Mark Crowther"]
[SourceDate "2005.04.04"]

1. Nf3 d5 2. d4 Nf6 3. c4 c6 4. e3 Bf5 5. Nc3 e6 6. Nh4 Be4 7. f3 Bg6 8. Qb3
Qc7 9. g4 Be7 10. Bd2 Nbd7 11. Bg2 dxc4 12. Qxc4 a6 13. Rc1 Rd8 14. O-O Qb8 15.
f4 Nxg4 16. Bh3 Bxh4 17. Bxg4 O-O 18. e4 h6 19. f5 exf5 20. exf5 Bh7 21. Bf4
Qa7 22. Rcd1 Nf6 23. Bh3 Nd5 24. Be5 Ne3 25. Qe2 Nxd1 26. Rxd1 f6 27. Qc4+ Kh8
28. Bf4 Bg8 29. Qd3 c5 30. Ne2 cxd4 31. Kh1 Bd5+ 32. Bg2 Bxg2+ 33. Kxg2 Qc5 34.
Kh3 Bg5 35. Kg4 Rfe8 36. h4 Bxf4 37. Nxf4 Kh7 38. Ne6 Qd5 39. Nxd8 Rxd8 40. Re1
Qg2+ 41. Qg3 h5+ 42. Kf4 Qd2+ 43. Kf3 Qd3+ 44. Kg2 Qxg3+ 45. Kxg3 d3 46. Kf3 g6
47. fxg6+ Kxg6 48. Rg1+ Kf5 49. Rh1 d2 50. Rd1 Rd3+ 51. Ke2 Ke4 52. a3 f5 53.
a4 f4 54. a5 f3+ 55. Kf2 Kf4 56. b4 Ke4 57. Kg1 Ke3 58. Kf1 Rd4 59. b5 axb5 60.
a6 bxa6 61. Kg1 Rxh4 62. Ra1 Ke2 63. Ra2 f2+ 64. Kg2 f1=Q+ 65. Kg3 Qh3# 0-1

[Event "3rd ch-GER Internet Blitz Candidates"]
[Site "playchess INT"]
[Date "2005.04.02"]
[Round "15"]
[White "Peschlow, P."]
[Black "Zimmermann, J."]
[Result "0-1"]
[WhiteElo "2318"]
[BlackElo "2335"]
[PlyCount "128"]
[EventDate "2005.04.02"]
[EventType "swiss (blitz)"]
[EventRounds "15"]
[Source "Mark Crowther"]
[SourceDate "2005.04.04"]

1. e4 c5 2. Nf3 d6 3. d4 cxd4 4. Nxd4 Nf6 5. Nc3 a6 6. Be2 e5 7. Nb3 Be7 8. Bg5
O-O 9. Qd3 Be6 10. Bxf6 gxf6 11. Nd5 Kh8 12. O-O-O Bxd5 13. Qxd5 Nc6 14. Bg4 f5
15. Bxf5 Qb6 16. Qd2 Rg8 17. g3 Rad8 18. Kb1 a5 19. c3 a4 20. Nc1 Na5 21. Qe2
Qc6 22. Nd3 d5 23. Nb4 Qc4 24. Qxc4 dxc4 25. Kc2 Bxb4 26. cxb4 Nc6 27. Kc3 b5
28. Rd5 Nd4 29. Rxd8 Rxd8 30. Bg4 Kg7 31. Rd1 f6 32. Rd2 Re8 33. Bd1 Kg6 34. f3
Rc8 35. Rf2 Ra8 36. a3 Rd8 37. f4 Nb3 38. Bc2 Na1 39. fxe5 fxe5 40. Rf5 Re8 41.
Bd1 Rd8 42. Bc2 Nb3 43. h4 Kg7 44. g4 Nc1 45. Bb1 Rd1 46. Rg5+ Kf6 47. Rf5+ Ke6
48. Kc2 Rg1 49. Rh5 Nd3 50. Rh6+ Kd7 51. Ba2 Rg2+ 52. Kd1 Nxb2+ 53. Ke1 Nd3+
54. Kf1 Rxa2 55. Rxh7+ Kd6 56. Rh6+ Ke7 57. Rh7+ Kf6 58. Rb7 Rxa3 59. Rb6+ Ke7
60. Rxb5 Rb3 61. Rb7+ Kd6 62. Rb6+ Kc7 63. Rb5 c3 64. Ke2 c2 0-1

[Event "3rd ch-GER Internet Blitz Candidates"]
[Site "playchess INT"]
[Date "2005.04.02"]
[Round "15"]
[White "Renner, Christo"]
[Black "Brener, I."]
[Result "0-1"]
[WhiteElo "2398"]
[BlackElo "2321"]
[PlyCount "148"]
[EventDate "2005.04.02"]
[EventType "swiss (blitz)"]
[EventRounds "15"]
[Source "Mark Crowther"]
[SourceDate "2005.04.04"]

1. e4 c5 2. Nc3 Nc6 3. g3 g6 4. Bg2 Bg7 5. d3 d6 6. Be3 e6 7. Qd2 Rb8 8. Nf3
Nd4 9. O-O Ne7 10. Bh6 O-O 11. Rac1 Nec6 12. Ne1 b5 13. Bxg7 Kxg7 14. Nd1 b4
15. c3 bxc3 16. bxc3 Nb5 17. Ne3 Bb7 18. Rb1 Nc7 19. d4 Ba6 20. Nd3 cxd4 21.
cxd4 Nxd4 22. Ng4 Rxb1 23. Rxb1 f5 24. exf5 Nxf5 25. Nb4 Bb5 26. Rc1 h5 27.
Qc3+ Kg8 28. Qxc7 hxg4 29. Qxa7 Qb8 30. Qa5 Nd4 31. Rd1 Ne2+ 32. Kh1 Rxf2 33.
a4 Bc4 34. Nc6 Qf8 35. Qd8 d5 36. a5 Qxd8 37. Nxd8 d4 38. Nb7 d3 39. Nc5 Nc3
40. Rxd3 Bxd3 41. Nxd3 Ra2 42. Bb7 Rxa5 43. Nf2 Kg7 44. Nxg4 Nd5 45. Bc8 Nc7
46. Kg2 Kf7 47. Ne3 Ke7 48. Nc4 Ra2+ 49. Kh3 Nd5 50. Ne5 Kf6 51. Ng4+ Ke7 52.
Ne5 g5 53. Nc6+ Kf6 54. Nd4 e5 55. Nf3 e4 56. Nd4 e3 57. Bg4 Nc3 58. Bh5 e2 59.
Bxe2 Nxe2 60. Nf3 Ra3 61. Ne1 Kf5 62. Nc2 g4+ 63. Kg2 Rc3 64. Ne1 Nd4 65. Kf2
Nf3 66. Kg2 Nxe1+ 67. Kh1 Nf3 68. Kg2 Rc2+ 69. Kf1 Nxh2+ 70. Ke1 Ke4 71. Kd1
Kf3 72. Kxc2 Kxg3 73. Kd3 Kf2 74. Ke4 g3 0-1

[Event "3rd ch-GER Internet Blitz Candidates"]
[Site "playchess INT"]
[Date "2005.04.02"]
[Round "15"]
[White "Wornath, K."]
[Black "Fridman, D2."]
[Result "0-1"]
[WhiteElo "2388"]
[BlackElo "2569"]
[PlyCount "126"]
[EventDate "2005.04.02"]
[EventType "swiss (blitz)"]
[EventRounds "15"]
[Source "Mark Crowther"]
[SourceDate "2005.04.04"]

1. d4 Nf6 2. c4 e6 3. Nf3 c5 4. d5 exd5 5. cxd5 Bd6 6. g3 Bc7 7. d6 Ba5+ 8. Nc3
O-O 9. Bg2 Ne4 10. O-O Nxc3 11. bxc3 Bxc3 12. Rb1 Nc6 13. Qd3 Bf6 14. e4 Re8
15. Re1 Rb8 16. Bf4 g6 17. e5 Bg7 18. h4 Qa5 19. Qd5 b6 20. Ng5 Nd8 21. Bd2 Qa4
22. Re4 Qc2 23. Rc1 Qb2 24. Rf4 Bb7 25. Qc4 b5 26. Qxc5 Qxd2 27. Rd4 Qxa2 28.
Qxb5 Rxe5 29. Qxd7 Bxg2 30. Kxg2 Nb7 31. Qc7 Ree8 32. Rf4 Nxd6 33. Qxd6 Be5 34.
Qc6 Bxf4 35. gxf4 Rbd8 36. Rc2 Qd5+ 37. Qxd5 Rxd5 38. Kf3 h6 39. Ne4 Rd3+ 40.
Ke2 Rd4 41. f3 f5 42. Ke3 Rdd8 43. Rc7 fxe4 44. fxe4 Rf8 45. Rxa7 Rf7 46. Ra6
Kg7 47. e5 Rdf8 48. Ra4 Re8 49. Re4 Re6 50. Kd4 Rd7+ 51. Ke3 Rd5 52. h5 g5 53.
Kf3 Rd3+ 54. Kg4 gxf4 55. Kxf4 Rh3 56. Kf5 Re8 57. Kg4 Rh1 58. e6 Rg1+ 59. Kf5
Rg5+ 60. Kf4 Re7 61. Re3 Kf6 62. Rf3 Rxe6 63. Re3 Ke7 0-1

[Event "3rd ch-GER Internet Blitz Candidates"]
[Site "playchess INT"]
[Date "2005.04.02"]
[Round "15"]
[White "Zwahr, P."]
[Black "Schunk, T1."]
[Result "1-0"]
[WhiteElo "2104"]
[BlackElo "2280"]
[PlyCount "121"]
[EventDate "2005.04.02"]
[EventType "swiss (blitz)"]
[EventRounds "15"]
[Source "Mark Crowther"]
[SourceDate "2005.04.04"]

1. Nf3 g6 2. c4 Bg7 3. Nc3 e5 4. d4 d6 5. dxe5 dxe5 6. Qxd8+ Kxd8 7. Bg5+ f6 8.
O-O-O+ Ke8 9. Nd5 Na6 10. Be3 c6 11. Nc3 Be6 12. b3 Bh6 13. Bxh6 Nxh6 14. Ne4
Ke7 15. e3 Rhd8 16. Be2 Nf7 17. Nc3 f5 18. a3 e4 19. Nd4 Ne5 20. Nxe6 Kxe6 21.
Kc2 Nc5 22. b4 Ncd3 23. Bxd3 Nxd3 24. f3 Ke5 25. Rhf1 a5 26. b5 cxb5 27. cxb5
Rac8 28. fxe4 fxe4 29. Rf7 Rc4 30. Kb3 a4+ 31. Nxa4 Rdc8 32. Rff1 Rxa4 33. Kxa4
Nb2+ 34. Kb3 Nxd1 35. Rxd1 Rc7 36. a4 Rf7 37. Kb4 Rf2 38. Rd7 b6 39. Re7+ Kd5
40. Rd7+ Ke5 41. Re7+ Kd6 42. Rb7 Rxg2 43. Rxb6+ Kd5 44. a5 Rb2+ 45. Kc3 Re2
46. a6 Rxe3+ 47. Kb4 Re1 48. a7 Rb1+ 49. Kc3 Rc1+ 50. Kb2 Rc8 51. Rb8 Rc4 52.
a8=Q+ Kd4 53. Rd8+ Ke3 54. Qd5 Rb4+ 55. Kc3 Rxb5 56. Qxb5 Kf4 57. Qc4 Ke3 58.
Re8 Kf4 59. Qxe4+ Kg5 60. Re5+ Kf6 61. Qf4+ 1-0

[Event "3rd ch-GER Internet Blitz Candidates"]
[Site "playchess INT"]
[Date "2005.04.02"]
[Round "15"]
[White "Feuerstack, A."]
[Black "Koepke, C."]
[Result "1-0"]
[WhiteElo "2224"]
[BlackElo "2226"]
[PlyCount "149"]
[EventDate "2005.04.02"]
[EventType "swiss (blitz)"]
[EventRounds "15"]
[Source "Mark Crowther"]
[SourceDate "2005.04.04"]

1. e4 c5 2. Nf3 b6 3. d4 cxd4 4. Nxd4 Bb7 5. Nc3 a6 6. Bd3 g6 7. Be3 Bg7 8. Qd2
Nc6 9. Nb3 Nf6 10. f3 O-O 11. Qf2 b5 12. O-O d6 13. Rfd1 Nd7 14. a4 b4 15. Nd5
Bxb2 16. Rab1 Bg7 17. a5 e6 18. Nb6 Nxb6 19. Bxb6 Qe7 20. Bf1 Ne5 21. Kh1 Nd7
22. Bc7 d5 23. exd5 Bxd5 24. Bf4 Rfc8 25. Bd3 Nc5 26. Nxc5 Qxc5 27. Qxc5 Rxc5
28. Rxb4 Rxa5 29. c4 Bc6 30. Rb6 Rc8 31. Bd6 Bd4 32. Rbb1 Bc5 33. Bg3 Ra3 34.
Bf1 a5 35. Rb8 Rxb8 36. Bxb8 Be7 37. c5 Rc3 38. Bd6 Bf6 39. Rb1 Bd4 40. h4 h5
41. Rb6 Rc1 42. Rxc6 Rxf1+ 43. Kh2 a4 44. Ra6 Rc1 45. Rxa4 Bxc5 46. Ra8+ Kg7
47. Be5+ f6 48. Bf4 Be7 49. Ra7 Kf8 50. Ra8+ Kf7 51. Ra7 Rc4 52. Bd6 Rxh4+ 53.
Kg3 Rd4 54. Bxe7 Kg8 55. Bc5 Rd5 56. Ra8+ Kh7 57. Bf2 Kh6 58. Ra7 Rg5+ 59. Kh2
h4 60. Be3 Kh5 61. Bxg5 Kxg5 62. f4+ Kxf4 63. Ra4+ Kg5 64. Ra3 Kh6 65. Kh3 Kg7
66. Ra4 g5 67. Rg4 f5 68. Rc4 Kg6 69. Kh2 Kf6 70. g3 g4 71. Kg2 h3+ 72. Kg1 h2+
73. Kh1 f4 74. Rc2 fxg3 75. Rg2 1-0